Sports Quiz

Random Sports or NFL Quiz

Unbreakable(?) Records Quiz Stats

 Plays Quiz Updated Jun 22, 2018

Score 0/30 Timer 07:00
10 Plays Today
Record Record Holder % Correct
100 points in an NBA gameWilt Chamberlain
83.3%
8 gold medals in a single Olympic GamesMichael Phelps
82.5%
8 consecutive NBA championshipsBoston Celtics
77.6%
2,857 NHL career pointsWayne Gretzky
76%
2,632 consecutive MLB games playedCal Ripken Jr.
74.9%
22,895 career receiving yards in NFLJerry Rice
74.4%
56 game hitting streakJoe DiMaggio
74.2%
5,714 MLB strikeoutsNolan Ryan
72.9%
44.2 points per game over NCAA careerPete Maravich
72.1%
4,256 career hits in MLBPete Rose
72.1%
297 straight NFL starts at QuarterbackBrett Favre
71.4%
7 consecutive NCAA basketball championshipsUCLA Bruins
70.5%
511 career pitching winsCy Young
67.2%
1,406 stolen basesRickey Henderson
67.1%
38,387 NBA career pointsKareem Abdul-Jabbar
59.2%
Record Record Holder % Correct
11 NBA championships rings (as a player)Bill Russell
56.5%
10 consecutive Stanley Cup finalsMontreal Canadiens
55.7%
.366 lifetime career batting averageTy Cobb
49%
2:24 minutes at the Belmont StakesSecretariat
43.2%
27 NASCAR races won in one seasonRichard Petty
40.7%
347 NFL coaching winsDon Shula
36.5%
49-0 career as heavyweight boxerRocky Marciano
32.8%
167 career tennis singles titlesMartina Navratilova
23.2%
5 consecutive F-1 championshipsMichael Schumacher
21.8%
11 consecutive PGA tour victoriesByron Nelson
14%
62 total Grand Slam wins in tennisMargaret Smith Court
5.4%
99.94 test cricket career batting averageSir Donald Bradman
4.3%
13 goals in a single FIFA World Cup finals tournamentJust Fontaine
4%
60 league goals in one season of English footballDixie Dean
2.7%
964 consecutive NHL games playedDoug Jarvis
2.2%

You're not logged in!

Compare scores with friends on all Sporcle quizzes.
OR
Log In

Sporcle TV

Today on Sporcle TV


Watch our educational content, quiz creation guides, and fun videos on Sporcle TV.

Show Comments

Extras

Top Quizzes Today


Score Distribution

Your Account Isn't Verified!

In order to create a playlist on Sporcle, you need to verify the email address you used during registration. Go to your Sporcle Settings to finish the process.

Report this User

Report this user for behavior that violates our Community Guidelines.

Details: